<?xml version="1.0" encoding="UTF-8"?>
<collection xmlns="http://www.loc.gov/MARC21/slim">
  <record>
    <leader>00000nam  2200000   4500</leader>
    <controlfield tag="001">INLIS000000000020473</controlfield>
    <controlfield tag="005">20250701104303</controlfield>
    <datafield tag="035" ind1="#" ind2="#">
      <subfield code="a">0010-0725000003</subfield>
    </datafield>
    <controlfield tag="007">ta</controlfield>
    <controlfield tag="008">250701################g##########0#ind##</controlfield>
    <datafield tag="020" ind1="#" ind2="#">
      <subfield code="a">979 605 318 7</subfield>
    </datafield>
    <datafield tag="082" ind1="#" ind2="#">
      <subfield code="a">370.116</subfield>
    </datafield>
    <datafield tag="084" ind1="#" ind2="#">
      <subfield code="a">370.116 SID k</subfield>
    </datafield>
    <datafield tag="100" ind1=" " ind2="#">
      <subfield code="a">Sidharta, Lani</subfield>
    </datafield>
    <datafield tag="245" ind1="1" ind2="#">
      <subfield code="a">Kiat Sukses Belajar di Luar Negeri :</subfield>
      <subfield code="b">Australia,USA, dan Kanada /</subfield>
      <subfield code="c">Lani Sidharta</subfield>
    </datafield>
    <datafield tag="250" ind1="#" ind2="#">
      <subfield code="a">Cetakan ke 1</subfield>
    </datafield>
    <datafield tag="260" ind1="#" ind2="#">
      <subfield code="a">Jakarta :</subfield>
      <subfield code="b">Gramedia Pustaka Utama,</subfield>
      <subfield code="c">1995</subfield>
    </datafield>
    <datafield tag="300" ind1="#" ind2="#">
      <subfield code="a">xxiii, 221 halaman :</subfield>
      <subfield code="b">ilus ;</subfield>
      <subfield code="c">18 cm</subfield>
    </datafield>
    <datafield tag="520" ind1="#" ind2="#">
      <subfield code="a">Sistem pendidikan menengah dan perguruan tinggi di Indonesia amat berbeda dengan di luar negeri, khususnya di Australia, USA, dan Kanada. Banyak mahasiswa - bahkan mereka yang mengambil studi lanjutan di tingkat master sekalipun-membuang waktu dan tenaga secara sia-sia karena tidak tahu cara membagi waktu antara jadwal lecture, tutorial, dan fieldwork yang padat, menyiapkan assignments dengan deadline berurutan, dan mempelajari textbooks serta bahan-bahan bacaan yang seakan tiada habisnya. Mereka seakan tidak punya waktu untuk kehidupan pribadi yang menyenangkan.&#13;
&#13;
Buku ini akan membantu Anda melewati masa transisi dari pendidikan menengah di tanah air ke pendidikan tinggi di luar negeri dengan mulus (tetapi tidak berarti tanpa usaha) dan sukses (tetapi tidak membuat Anda stress).</subfield>
    </datafield>
    <datafield tag="990" ind1="#" ind2="#">
      <subfield code="a">98032924</subfield>
    </datafield>
    <datafield tag="990" ind1="#" ind2="#">
      <subfield code="a">98032934</subfield>
    </datafield>
  </record>
</collection>
